Finanční vzdělávání v ČBA - jde o to zaplnit mezery a hledat nové cesty
Koncept jednotného prístupu k problematike finančného vzdelávania v Českej republike. Aktivity Českej bankovej asociácie (ČNB) a spolupráca s neziskovým sektorom. Spoločenské potreby a finančné vzdelávanie skupín ľudí, ktoré sú najviac ohrozené.
Gespeichert in:
| 1. Verfasser: | |
|---|---|
| Format: | Buchkapitel |
| Sprache: | Tschechisch |
| Schlagworte: | |
| Tags: |
Keine Tags, Fügen Sie das erste Tag hinzu!
|
MARC
| LEADER | 00000naa a2200000 4500 | ||
|---|---|---|---|
| 001 | 0196384 | ||
| 005 | 20231211083422.7 | ||
| 041 | 0 | |a cze | |
| 044 | |a CZ | ||
| 245 | 1 | 0 | |a Finanční vzdělávání v ČBA - jde o to zaplnit mezery a hledat nové cesty |c Helena Brychtová |
| 520 | |a Koncept jednotného prístupu k problematike finančného vzdelávania v Českej republike. Aktivity Českej bankovej asociácie (ČNB) a spolupráca s neziskovým sektorom. Spoločenské potreby a finančné vzdelávanie skupín ľudí, ktoré sú najviac ohrozené. | ||
| 610 | 2 | 0 | |a banky |
| 610 | 2 | 0 | |a bankovníctvo |
| 610 | 2 | 0 | |a služby bankové |
| 610 | 2 | 0 | |a služby finančné |
| 610 | 2 | 0 | |a poradenstvo finančné |
| 610 | 2 | 0 | |a gramotnosť finančná |
| 610 | 2 | 0 | |a klienti |
| 100 | 1 | |a Brychtová, Helena | |